| 000 | 00511nam a22001697a 4500 | ||
|---|---|---|---|
| 999 |
_c8481 _d8481 |
||
| 008 | 201125b ||||| |||| 00| 0 eng d | ||
| 040 | _aBMS College of Architecture | ||
| 100 | _aV H, Siddesh | ||
| 245 | _aKnowledge hub - public library | ||
| 300 | _a59p. | ||
| 500 | _a1BM14AT097 | ||
| 502 |
_8B,Arch _NBMS College Architecture, Visvesvaraya Technological University (VTU) _aProject report _d2018 |
||
| 650 | _aLibrary | ||
| 700 |
_aMamta Varma _eGuide |
||
| 700 |
_aSachin Shetty _eGuide |
||
| 942 |
_2ddc _cTHE |
||